札幌学生野球連盟出身の現役選手(2026) - Statistics

General Stats
  • This quiz has been taken 7 times
  • The average score is 7 of 14
Answer Stats
大学名 現所属 ポジション Answer % Correct
北海学園 巨人 外野手 鈴木大和
71%
北海学園 日本ハム 内野手 常谷拓輝
71%
北海学園 オリックス 投手 高谷舟
57%
星槎道都 広島 投手 滝田一希
57%
星槎道都 日本ハム 投手 福田俊
57%
星槎道都 ロッテ 投手 河村説人
57%
北海学園 中日 外野手 川越誠司
43%
北海学園 広島 投手 工藤泰己
43%
星槎道都 西武 投手 佐藤爽
43%
北翔 ロッテ 投手 本前郁也
43%
小樽商科* 阪神 投手 早川太貴
43%
北海道* 西武 投手 宮澤太成
29%
札幌学院* DeNA 投手 若松尚輝
29%
札幌学院 中日 投手 近藤廉
29%
No matching quizzes found
Score Distribution
Percent of People with Each Score
Percentile by Number Answered
Your Score History
You have not taken this quiz